Field test of in-situ conversion of coal; International Journal of Coal Preparation and Utilization; Vol. 42, iss. 11

Detalles Bibliográficos
Parent link:International Journal of Coal Preparation and Utilization
Vol. 42, iss. 11.— 2022.— [P. 3292-3302]
Autor Corporativo: Национальный исследовательский Томский политехнический университет Инженерная школа новых производственных технологий Отделение материаловедения
Otros Autores: Martemyanov S. M. Sergey Mikhailovich, Bukharkin A. A. Andrey Andreevich, Ermagambet B. T. Bolat Toleukhanuly, Kasenova Zh. M. Zhanar Muratbekovna
Sumario:Title screen
This work studies the in-situ conversion technology of solid fossil fuels to liquid and gaseous products. The investigated approach consists of the pyrolysis of solid fuel within the temperature range of 500–700°C. Heating occurs due to the flow of current through the electrothermal breakdown channel. The electrical contact with the coal is implemented via electrodes located in the wells. These wells also function as extraction channels. The paper describes the process of testing the use of technology in an area of an open coal bed at the Bogatyr coal mine (Ekibastuz, Kazakhstan). The interelectrode distance in the experiment was 1 meter. The results have demonstrated the feasibility of this method and have provided data for extrapolating the parameters of a larger interelectrode distance. The values of energy consumption, dynamics of bed resistance, and the number of products obtained are provided in this paper.
AM_Agreement
Lenguaje:inglés
Publicado: 2022
Materias:
Acceso en línea:https://doi.org/10.1080/19392699.2021.1957855
Formato: MixedMaterials Electrónico Capítulo de libro
KOHA link:https://koha.lib.tpu.ru/cgi-bin/koha/opac-detail.pl?biblionumber=668823

MARC

LEADER 00000naa0a2200000 4500
001 668823
005 20251031114445.0
035 |a (RuTPU)RU\TPU\network\40060 
035 |a RU\TPU\network\14086 
090 |a 668823 
100 |a 20230126d2022 k||y0rusy50 ba 
101 0 |a eng 
102 |a US 
135 |a drcn ---uucaa 
181 0 |a i  
182 0 |a b 
200 1 |a Field test of in-situ conversion of coal  |f S. M. Martemyanov, A. A. Bukharkin, B. T. Ermagambet, Zh. M. Kasenova 
203 |a Text  |c electronic 
300 |a Title screen 
330 |a This work studies the in-situ conversion technology of solid fossil fuels to liquid and gaseous products. The investigated approach consists of the pyrolysis of solid fuel within the temperature range of 500–700°C. Heating occurs due to the flow of current through the electrothermal breakdown channel. The electrical contact with the coal is implemented via electrodes located in the wells. These wells also function as extraction channels. The paper describes the process of testing the use of technology in an area of an open coal bed at the Bogatyr coal mine (Ekibastuz, Kazakhstan). The interelectrode distance in the experiment was 1 meter. The results have demonstrated the feasibility of this method and have provided data for extrapolating the parameters of a larger interelectrode distance. The values of energy consumption, dynamics of bed resistance, and the number of products obtained are provided in this paper. 
371 |a AM_Agreement 
461 |t International Journal of Coal Preparation and Utilization 
463 |t Vol. 42, iss. 11  |v [P. 3292-3302]  |d 2022 
610 1 |a электронный ресурс 
610 1 |a труды учёных ТПУ 
701 1 |a Martemyanov  |b S. M.  |c specialist in the field of electronics  |c Associate Professor of Tomsk Polytechnic University, Candidate of Technical Sciences  |f 1986-  |g Sergey Mikhailovich  |3 (RuTPU)RU\TPU\pers\33787  |9 17385 
701 1 |a Bukharkin  |b A. A.  |c specialist in the field of electrophysics  |c engineer of Tomsk Polytechnic University  |f 1989-  |g Andrey Andreevich  |3 (RuTPU)RU\TPU\pers\33790  |9 17388 
701 1 |a Ermagambet  |b B. T.  |g Bolat Toleukhanuly 
701 1 |a Kasenova  |b Zh. M.  |g Zhanar Muratbekovna 
712 0 2 |a Национальный исследовательский Томский политехнический университет  |b Инженерная школа новых производственных технологий  |b Отделение материаловедения  |3 (RuTPU)RU\TPU\col\23508 
801 0 |a RU  |b 63413507  |c 20230126  |g RCR 
856 4 |u https://doi.org/10.1080/19392699.2021.1957855 
942 |c CF